La cruz del diablo y otras leyendas /

En sus leyendas, Bécquer despliega otra faceta de su condición de escritor romántico. En esos cuentos ya no festeja las bondades del amor sino que cuestiona los límites entre lo que puede ser real o no, en el marco de ficciones literarias en las que se reconstruyen situaciones, personajes y espacios...

Descripción completa

Guardado en:
Autor Principal: Bécquer, Gustavo Adolfo
Formato: Libro
Publicado: Buenos Aires : Eudeba, 2007
Series:Libros para siempre
Materias:
Etiquetas: Agregar Etiqueta
Sin Etiquetas, Sea el primero en etiquetar este registro!
LEADER 01297nam a22002175a 4500
001 CEM.cems020335
008 230814s2007##################000#0#####d
005 20230814142816.0
245 1 0 |a La cruz del diablo y otras leyendas /  |c Gustavo Adolfo Bécquer 
260 |a Buenos Aires :  |b Eudeba,  |c 2007 
300 |a 160 p. 
490 0 |a Libros para siempre 
500 |a Material para el programa "Apoyo al último año de la secundaria para la articulación con el nivel superior". Plan Nacional de Lectura. 
520 |a En sus leyendas, Bécquer despliega otra faceta de su condición de escritor romántico. En esos cuentos ya no festeja las bondades del amor sino que cuestiona los límites entre lo que puede ser real o no, en el marco de ficciones literarias en las que se reconstruyen situaciones, personajes y espacios cargados de misterio y horror. 
505 0 |a Maese Pérez el organista -- Los ojos verdes -- La ajorca de oro -- El rayo de luna -- La cruz del diablo -- El cristo de la calavera -- El beso -- El monte de las ánimas -- La cueva de la mora -- La corza blanca 
020 |a 9789502313429 
100 1 |a Bécquer, Gustavo Adolfo 
653 |a Literatura 
653 |a Literatura española 
653 |a Leyendas 
859 |a CEMS  |b BIB. CEMS - Inicial y Primaria  |h 398.2  |i B389  |k IP  |p 6344  |t Ej.1